A Classical Introduction to Cryptography Exercise book /

Gespeichert in:
Bibliographische Detailangaben
Hauptverfasser: Baigneres, Thomas (Verfasst von), Pascal, Junod (Verfasst von), Lu, Yi (Verfasst von), Monnerat, Jean (Verfasst von), Vaudenay, Serge (Verfasst von)
Format: Buch
Sprache:Englisch
Veröffentlicht: New York : Springer Science+Business Media, Inc., 2006
Schlagworte:
Tags: Tag hinzufügen
Keine Tags, Fügen Sie das erste Tag hinzu!

MARC

LEADER 00000nam a22000003a 4500
001 stu207608
005 20190206105139.7
008 100715s2007----xxu-----------------eng-d
040 |a STU  |b slo 
041 0 |a eng 
044 |a xxu 
080 |a 004.056.53 
080 |a 519.72 
084 |a B6120B  |2 INS  |7 stu_us_auth*stu6506 
084 |a B6120D  |2 INS 
084 |a B6210L  |2 INS 
084 |a C1260  |2 INS  |7 stu_us_auth*stu7143 
084 |a C5640  |2 INS 
084 |a C6130S  |2 INS 
100 1 |a Baigneres, Thomas  |4 aut 
245 1 |a A Classical Introduction to Cryptography Exercise book /  |c Aut.: Baigneres, T. a i. 
260 |a New York :  |b Springer Science+Business Media, Inc.,  |c 2006 
300 |a 254 s 
650 7 |a kryptografia  |2 stusub 
650 7 |a kryptosystémy  |2 stusub 
650 7 |a verejné kľúčovacie systémy  |2 stusub 
650 7 |a riadenie prístupu  |2 stusub 
650 7 |a ochrana dát  |2 stusub 
650 7 |a šifrovanie  |2 stusub 
650 7 |a algoritmy  |2 stusub 
700 1 |a Pascal, Junod  |4 aut 
700 1 |a Lu, Yi  |4 aut 
700 1 |a Monnerat, Jean  |4 aut 
700 1 |a Vaudenay, Serge  |4 aut 
996 |b 284EK88361  |c E*88361  |l EE22  |s P  |a 0  |w stu207608_0001